Tajemství špičkové výkonnosti

Čo podmieňuje úspešnosť človeka v určitom odbore. Čo robí experta expertom. Cieľavedomá prax a a myslenie. Názorný príklad. Posilňovanie vodcovských schopností. Pasca intuície.

Guardado en:
Detalles Bibliográficos
Autor principal: Ericsson, K. A.
Formato: Capítulo de libro
Lenguaje:checo
Materias:
Etiquetas: Agregar Etiqueta
Sin Etiquetas, Sea el primero en etiquetar este registro!

MARC

LEADER 00000naa$a2200000$$$4500
001 0068996
005 20231128135253.5
041 0 |a cze 
044 |a CZ 
245 1 0 |a Tajemství špičkové výkonnosti  |c K. A. Ericsson [et al.] 
520 |a Čo podmieňuje úspešnosť človeka v určitom odbore. Čo robí experta expertom. Cieľavedomá prax a a myslenie. Názorný príklad. Posilňovanie vodcovských schopností. Pasca intuície. 
610 2 0 |a výkonnosť 
610 2 0 |a schopnosti pracovné 
610 2 0 |a odbornosť 
610 2 0 |a prax odborná 
610 2 0 |a kompetencie 
610 2 0 |a vodcovstvo 
610 2 0 |a riadenie 
610 2 0 |a koučovanie 
610 2 0 |a manažéri 
100 1 |a Ericsson, K. A.